LEADER 01387nam a2200313 a 4500 001 000000132387 003 CaOOAMICUS 005 20130208100105.0 008 130121s2012 it a u001 u ita r 020 $a978-88-430-6572-1 040 $aPUL$bita 082 04$a262.52 100 1 $aValerio, Adriana,$d1952-$0(OLS)http://pul/name/31147 245 10$aMadri del Concilio :$bventitré donne al Vaticano II /$cAdriana Valerio. 260 $aRoma :$bCarocci,$c©2012. 300 $a165 p. :$bill. ;$c22 cm. 490 1 $aSfere ;$v73 611 24$aConcilium Vaticanum$n(2 :$d1962-1965)$xStudi.$0(OLS)http://pul/subject/18479 650 4$aDonne e religione.$0(OLS)http://pul/subject/27804 830 0$aSfere (Carocci) ;$v73.$0(OLS)http://pul/title/144030 850 $aPUL 852 $aPUL$W1$xSL Religione 3$y85$m262. 52 VALAD 1$j152339$qDDC 21$B151690$CPULBib$Z2$F151690 $H121502 $82 852 $aPUL$W1$xFondo C.V.II$y119$mSTO TEMI 7$j152668$qFondi$B152079$CPULBib$Z2$F152079 $HCVII 27 $82 941 1 $a9 996 $6020$a978-88-430-6572-1$9(OLS)http://pul/number/151557 996 $6082$a262.52$9(OLS)http://pul/classification/356 996 $6245$aMadri del Concilio :$bventitré donne al Vaticano II$9(OLS)http://pul/title/167255 996 $6260$aRoma :$bCarocci$9(OLS)http://pul/publisher/66917 LEADER 01254nam a2200289 a 4500 001 000000165523 003 CaOOAMICUS 005 20180130103019.0 008 180130s1947 it u000 u ita r 032 $aLibriCat 040 $aPUL$bita 100 1 $aDi Martino, Raffaele.$0(OLS)http://pul/name/106663 245 13$aLa caratteristica della spiritualità alfonsiana /$cD. Raffaele Di Martino. 260 $aPagani :$bS. Alfonso,$c1947. 300 $a50 p. ;$c24 cm. 502 $aEstratto da tesi. Pontificia Facoltà Teologica "S.Luigi". Posillipo. Napoli. 1947. 504 $aBibliografia in nota. 600 04$aAlfonsus Maria de Ligorio,$cs.,$d1696-1787.$0(OLS)http://pul/subject/2013 850 $aPUL 852 $aPUL$W1$xDP1 Tesi Varie$y51$mTH VAR 67$j189819$qTesi$B192854$CPULBib$Z2$F192854 $H13114 $81 941 1 $a16 960 $aAlphonsus Maria de Ligorio,$cs.,$d1696-1787$92013 960 $aDe Liguori, Alfonso Maria,$cs.,$d1696-1787? $92013 960 $aLiguori, Alfonso Maria de$cs.,$d1696-1787? $92013 996 $6245$aLa caratteristica della spiritualità alfonsiana$9(OLS)http://pul/title/205209 996 $6260$aPagani :$bS. Alfonso$9(OLS)http://pul/publisher/86671